Conference on Cloud Physics of the American Meteorological Society : October 21-24, 1974, Tucson, Arizona : [preprints].

Bibliographic Details
Corporate Authors: Conference on Cloud Physics Tucson, Ariz., American Meteorological Society
Format: Conference Proceeding Book
Language:English
Published: Boston, Mass. : The Society, [1974?]
Subjects:

MARC

Tag First Indicator Second Indicator Subfields
LEADER 00000cam a2200000 a 4500
001 in00000070573
005 20151008061820.0
008 750618s1974 maua b 00110 eng d
035 |a (OCoLC)01397269 
035 |9 AAJ8881AM 
040 |a OLA  |c OLA  |d m.c.  |d TXA  |d UtOrBLW 
049 |a TXAM  |c [1501229] 
090 |a QC921.5  |b .C6 1974 
111 2 |a Conference on Cloud Physics  |d (1974 :  |c Tucson, Ariz.) 
245 1 0 |a Conference on Cloud Physics of the American Meteorological Society :  |b October 21-24, 1974, Tucson, Arizona : [preprints]. 
264 1 |a Boston, Mass. :  |b The Society,  |c [1974?] 
300 |a xii, 472 pages :  |b illustrations ;  |c 28 cm. 
336 |a text  |b txt  |2 rdacontent 
337 |a unmediated  |b n  |2 rdamedia 
338 |a volume  |b nc  |2 rdacarrier 
504 |a Includes bibliographies and index. 
650 0 |a Cloud physics  |v Congresses. 
710 2 |a American Meteorological Society. 
999 |a MARS 
999 f f |s 57533ed2-eba1-3edd-b760-88533ac84c3f  |i da829d1b-e3a9-3939-9dca-0fafda5cd9c9  |t 0 
952 f f |p normal  |a Texas A&M University  |b College Station  |c Sterling C. Evans Library  |d Evans: Library Stacks  |t 0  |e QC921.5 .C6 1974  |h Library of Congress classification  |i unmediated -- volume  |m A14806210040 
998 f f |a QC921.5 .C6 1974  |t 0  |l Evans: Library Stacks